[Event "CZE-chT2F 2223"]
[Site "Czech Republic"]
[Date "2023.02.19"]
[Round "9"]
[White "Fizer, Marek"]
[Black "Socha, Jaromir"]
[Result "1-0"]
[WhiteElo "1927"]
[BlackElo "1873"]
[PlyCount "61"]
[EventDate "2022.10.16"]
[EventType "team-tourn"]
[EventRounds "11"]
[EventCountry "CZE"]
[SourceTitle "EXT 2024"]
[Source "ChessBase"]
[SourceDate "2023.10.10"]
[SourceVersion "1"]
[SourceVersionDate "2023.10.10"]
[SourceQuality "1"]
[WhiteTeam "Dobra Sokol"]
[BlackTeam "Koprivnice Tatra"]
[WhiteTeamCountry "CZE"]
[BlackTeamCountry "CZE"]

1. e4 c5 2. Nf3 d6 3. d4 cxd4 4. Nxd4 Nf6 5. Nc3 a6 6. Be3 e5 7. Nb3 Be6 8. Be2 Be7 9. 0-0 0-0 10. Qd3 Nbd7 11. Nd5 Bxd5 12. exd5 b5 13. a4 bxa4 14. Rxa4 Nb6 15. Ra5 Qc7 16. Bxb6 Qxb6 17. Rfa1 Qb7 18. Qd2 Ne4 19. Qe3 f5 20. Bxa6 Qc7 21. Bd3 Rxa5 22. Rxa5 Nc5 23. Ra1 Nxd3 24. Qxd3 e4 25. Qe2 Bf6 26. c3 Rb8 27. Na5 Qb6 28. Nc4 Qb3 29. g3 g6 30. Ra6 Be7 31. Rc6 1-0

[Event "CZE-chT2F 2223"]
[Site "Czech Republic"]
[Date "2022.11.06"]
[Round "2"]
[White "Sebesta, Jan2222"]
[Black "Socha, Jaromir"]
[Result "1-0"]
[WhiteElo "1826"]
[BlackElo "1873"]
[PlyCount "57"]
[EventDate "2022.10.16"]
[EventType "team-tourn"]
[EventRounds "11"]
[EventCountry "CZE"]
[SourceTitle "EXT 2024"]
[Source "ChessBase"]
[SourceDate "2023.10.10"]
[SourceVersion "1"]
[SourceVersionDate "2023.10.10"]
[SourceQuality "1"]
[WhiteTeam "Orlova Slavia II"]
[BlackTeam "Koprivnice Tatra"]
[WhiteTeamCountry "CZE"]
[BlackTeamCountry "CZE"]

1. e4 d6 2. d4 Nf6 3. Nc3 g6 4. f4 Bg7 5. Nf3 0-0 6. Bd3 c6 7. 0-0 Qc7 8. Kh1 b5 9. e5 Nfd7 10. Ng5 Nb6 11. Qe1 b4 12. Ne2 h6 13. Nf3 c5 14. c3 bxc3 15. bxc3 e6 16. Qh4 Ba6 17. Bxa6 Nxa6 18. f5 exf5 19. Bxh6 Rfe8 20. Ng5 dxe5 21. Bxg7 Kxg7 22. Qh7+ Kf6 23. Ng3 Rf8 24. dxe5+ Kxg5 25. Rxf5+ gxf5 26. Qxf5+ Kh6 27. Qh5+ Kg7 28. Nf5+ Kg8 29. Qg5+ 1-0

[Event "Tatry op"]
[Site "Tatranske Zruby"]
[Date "2013.10.02"]
[Round "5"]
[White "Sorkovsky, Miroslav"]
[Black "Socha, Jaromir"]
[Result "1/2-1/2"]
[WhiteElo "2209"]
[BlackElo "1996"]
[PlyCount "40"]
[EventDate "2013.09.29"]
[EventType "swiss"]
[EventRounds "9"]
[EventCountry "SVK"]
[SourceTitle "CBM 156 Extra"]
[Source "ChessBase"]
[SourceDate "2013.10.22"]
[SourceVersion "1"]
[SourceVersionDate "2013.10.22"]
[SourceQuality "1"]

1. e4 c5 2. Nc3 Nc6 3. f4 e6 4. Nf3 Nf6 5. e5 Nd5 6. Nxd5 exd5 7. d4 d6 8. c3 cxd4 9. cxd4 dxe5 10. fxe5 Bb4+ 11. Kf2 Bg4 12. Bb5 Qb6 13. Bxc6+ Qxc6 14. Bd2 Bxf3 15. gxf3 Bxd2 16. Qxd2 0-0 17. Rac1 Qd7 18. Rhe1 Qh3 19. Qf4 Rac8 20. Rg1 Rxc1 1/2-1/2

[Event "Tatry op"]
[Site "Tatranske Zruby"]
[Date "2012.09.30"]
[Round "9"]
[White "Sikorova, Olga"]
[Black "Socha, Jaromir"]
[Result "1-0"]
[WhiteElo "2263"]
[BlackElo "1988"]
[PlyCount "79"]
[EventDate "2012.09.23"]
[EventType "swiss"]
[EventRounds "9"]
[EventCountry "SVK"]
[SourceTitle "CBM 150 Extra"]
[Source "ChessBase"]
[SourceDate "2012.10.19"]
[SourceVersion "1"]
[SourceVersionDate "2012.10.19"]
[SourceQuality "1"]

1. Nf3 Nf6 2. g3 g6 3. b3 Bg7 4. Bb2 c5 5. c4 Nc6 6. Bg2 0-0 7. 0-0 e6 8. d3 d5 9. Nbd2 b6 10. a3 Bb7 11. Qc2 Qe7 12. e3 Rfd8 13. Rad1 d4 14. exd4 Nxd4 15. Bxd4 cxd4 16. b4 a5 17. Qb3 axb4 18. axb4 Bf8 19. Rb1 Bh6 20. Ra1 Bxd2 21. Nxd2 Bxg2 22. Kxg2 Qb7+ 23. Kg1 e5 24. f3 Kg7 25. Qb2 b5 26. Rxa8 Qxa8 27. Ra1 Qb7 28. c5 Nd5 29. Ne4 Ra8 30. Ra5 Rxa5 31. bxa5 b4 32. Qb3 Nc3 33. Ng5 Kf6 34. Nxh7+ Kg7 35. Ng5 Kf6 36. h4 Qd5 37. Ne4+ Ke6 38. Qxb4 Qa2 39. Qb6+ Kd7 40. c6+ 1-0

[Event "Tatry op"]
[Site "Tatranske Zruby"]
[Date "2012.09.24"]
[Round "2"]
[White "Socha, Jaromir"]
[Black "Orosi, Peter"]
[Result "1/2-1/2"]
[WhiteElo "1988"]
[BlackElo "2041"]
[PlyCount "73"]
[EventDate "2012.09.23"]
[EventType "swiss"]
[EventRounds "9"]
[EventCountry "SVK"]
[SourceTitle "CBM 150 Extra"]
[Source "ChessBase"]
[SourceDate "2012.10.19"]
[SourceVersion "1"]
[SourceVersionDate "2012.10.19"]
[SourceQuality "1"]

1. Nf3 Nf6 2. b3 g6 3. Bb2 Bg7 4. e3 c5 5. Be2 0-0 6. 0-0 Nc6 7. c4 d5 8. cxd5 Nb4 9. a3 Nbxd5 10. Nc3 b6 11. Nxd5 Nxd5 12. Bxg7 Kxg7 13. Rc1 Bb7 14. d4 cxd4 15. Qxd4+ Kg8 16. Rfd1 Rc8 17. Rxc8 Qxc8 18. Bc4 Nf6 19. Ne5 Qf5 20. f3 Qg5 21. Rd2 Kg7 22. Ng4 Bc8 23. Nxf6 exf6 24. Qe4 Qc5 25. b4 Qc7 26. Qc2 Be6 27. Bxe6 Qxc2 28. Rxc2 fxe6 29. Kf2 Rf7 30. Ke2 Rd7 31. Rc8 e5 32. e4 Kf7 33. Rc6 Ke7 34. Ke3 Rd6 35. Rc7+ Rd7 36. Rc6 Rd6 37. Rc7+ 1/2-1/2

[Event "CZE-chT2F 1112"]
[Site "Czech Republic"]
[Date "2012.03.04"]
[Round "9.63"]
[White "Socha, Jaromir"]
[Black "Kubeczka, Ales"]
[Result "1/2-1/2"]
[WhiteElo "2010"]
[BlackElo "1975"]
[PlyCount "33"]
[EventDate "2011.10.09"]
[EventType "team-tourn"]
[EventRounds "11"]
[EventCountry "CZE"]
[SourceTitle "EXT 2013"]
[Source "ChessBase"]
[SourceDate "2012.11.22"]
[SourceVersion "1"]
[SourceVersionDate "2012.11.22"]
[SourceQuality "1"]
[WhiteTeam "Koprivnice Tatra"]
[BlackTeam "Havirov Slovan"]
[WhiteTeamCountry "CZE"]
[BlackTeamCountry "CZE"]

1. Nf3 d5 2. d4 Nf6 3. e3 c6 4. Bd3 Bg4 5. h3 Bh5 6. b3 e6 7. Bb2 Nbd7 8. Nbd2 Bd6 9. 0-0 Qe7 10. Qe1 Bb4 11. a3 Ba5 12. a4 Ne4 13. Ba3 Nxd2 14. Nxd2 Bb4 15. Bxb4 Qxb4 16. Nb1 Qxe1 17. Rxe1 1/2-1/2

[Event "CZE-chT2F 1112"]
[Site "Czech Republic"]
[Date "2011.12.04"]
[Round "4.34"]
[White "Chlevistan, Jakub"]
[Black "Socha, Jaromir"]
[Result "1-0"]
[WhiteElo "2161"]
[BlackElo "2010"]
[PlyCount "90"]
[EventDate "2011.10.09"]
[EventType "team-tourn"]
[EventRounds "11"]
[EventCountry "CZE"]
[SourceTitle "EXT 2013"]
[Source "ChessBase"]
[SourceDate "2012.11.22"]
[SourceVersion "1"]
[SourceVersionDate "2012.11.22"]
[SourceQuality "1"]
[WhiteTeam "Poruba VOKD"]
[BlackTeam "Koprivnice Tatra"]
[WhiteTeamCountry "CZE"]
[BlackTeamCountry "CZE"]

1. Nf3 d5 2. d4 Nf6 3. g3 Bf5 4. Nh4 e6 5. Nxf5 exf5 6. Bg2 c6 7. Qd3 g6 8. 0-0 Bg7 9. c4 0-0 10. Rd1 dxc4 11. Qxc4 Nbd7 12. Qc2 Re8 13. Nc3 Nb6 14. e3 h5 15. h4 Rc8 16. Bd2 Qe7 17. Rac1 Red8 18. Na4 Nxa4 19. Qxa4 a6 20. b4 Ne4 21. Be1 Bh6 22. Qb3 Rd5 23. a4 Rcd8 24. Bf1 Nxg3 25. fxg3 Qxe3+ 26. Qxe3 Bxe3+ 27. Bf2 Bxc1 28. Rxc1 Re8 29. Rc5 Rxc5 30. bxc5 Kg7 31. Kg2 Kf6 32. Kf3 g5 33. hxg5+ Kxg5 34. Bc4 Kf6 35. d5 Ke5 36. d6 Rf8 37. Ke3 b5 38. cxb6 Kxd6 39. Bxa6 Ra8 40. b7 Rb8 41. Kd4 Rd8 42. Be3 Kc7+ 43. Kc5 Rd5+ 44. Kc4 f6 45. Ba7 Rd8 1-0

[Event "Tatry op"]
[Site "Tatranske Zruby"]
[Date "2011.10.01"]
[Round "8"]
[White "Belunek, Vladimir"]
[Black "Socha, Jaromir"]
[Result "1-0"]
[WhiteElo "2273"]
[BlackElo "2010"]
[PlyCount "63"]
[EventDate "2011.09.25"]
[EventType "swiss"]
[EventRounds "9"]
[EventCountry "SVK"]
[SourceTitle "CBM 144 Extra"]
[Source "ChessBase"]
[SourceDate "2011.10.28"]
[SourceVersion "1"]
[SourceVersionDate "2011.10.28"]
[SourceQuality "1"]

1. d4 Nf6 2. c4 e6 3. Nf3 d5 4. Nc3 c6 5. e3 Nbd7 6. Bd3 Be7 7. 0-0 0-0 8. e4 dxe4 9. Nxe4 Nxe4 10. Bxe4 Bf6 11. Qc2 g6 12. Bh6 Re8 13. Rad1 Qc7 14. h4 Bg7 15. Qc1 e5 16. Rfe1 exd4 17. Nxd4 Nf8 18. Bxg7 Kxg7 19. Qc3 f6 20. Bf3 Bd7 21. Qa3 a6 22. Re7+ Kg8 23. Ne6 Nxe6 24. Rdxd7 Qe5 25. g3 Qe1+ 26. Kg2 c5 27. Bd5 Kf8 28. Rf7+ Kg8 29. Rg7+ Kh8 30. Rxh7+ Kg8 31. Rdg7+ Kf8 32. Qxc5+ 1-0

[Event "Tatry op"]
[Site "Tatranske Zruby"]
[Date "2010.10.06"]
[Round "6"]
[White "Kukucka, Matej"]
[Black "Socha, Jaromir"]
[Result "1/2-1/2"]
[WhiteElo "1929"]
[BlackElo "2037"]
[PlyCount "35"]
[EventDate "2010.10.02"]
[EventType "swiss"]
[EventRounds "9"]
[EventCountry "SVK"]
[SourceTitle "CBM 138 Extra"]
[Source "ChessBase"]
[SourceDate "2010.10.29"]
[SourceVersion "1"]
[SourceVersionDate "2010.10.29"]
[SourceQuality "1"]

1. e4 c5 2. Nc3 d6 3. f4 Nc6 4. Bb5 Bd7 5. Nf3 e6 6. d3 Nge7 7. 0-0 a6 8. Bxc6 Nxc6 9. Qe2 Be7 10. Qf2 0-0 11. Be3 b6 12. Rad1 e5 13. f5 Nd4 14. Nd5 Bc6 15. Nxe7+ Qxe7 16. c3 Nxf3+ 17. Qxf3 f6 18. c4 1/2-1/2

[Event "Tatry op"]
[Site "Tatranske Zruby"]
[Date "2010.10.03"]
[Round "2"]
[White "Sebo, Viktor"]
[Black "Socha, Jaromir"]
[Result "0-1"]
[WhiteElo "1903"]
[BlackElo "2037"]
[PlyCount "60"]
[EventDate "2010.10.02"]
[EventType "swiss"]
[EventRounds "9"]
[EventCountry "SVK"]
[SourceTitle "CBM 138 Extra"]
[Source "ChessBase"]
[SourceDate "2010.10.29"]
[SourceVersion "1"]
[SourceVersionDate "2010.10.29"]
[SourceQuality "1"]

1. e4 c5 2. Nf3 d6 3. d4 cxd4 4. Nxd4 Nf6 5. Nc3 a6 6. Be2 e5 7. Nf5 Nxe4 8. Nxg7+ Bxg7 9. Nxe4 d5 10. Ng3 Nc6 11. Nh5 Rg8 12. h4 Be6 13. Bg5 f6 14. Nxg7+ Rxg7 15. Bh6 Rxg2 16. Bh5+ Ke7 17. Bg5 e4 18. Kf1 Rxf2+ 19. Kxf2 fxg5 20. hxg5 Qb6+ 21. Ke1 Rf8 22. Rf1 Qe3+ 23. Qe2 Rxf1+ 24. Kxf1 Bh3+ 25. Ke1 Qg1+ 26. Kd2 Qxa1 27. Qf2 Qxb2 28. Qh4 Bf5 29. Bg4 e3+ 30. Kxe3 Qd4+ 0-1

[Event "Tatry op"]
[Site "Tatranske Zruby"]
[Date "2010.10.02"]
[Round "1"]
[White "Socha, Jaromir"]
[Black "Navratil, Jiri2222"]
[Result "0-1"]
[WhiteElo "2037"]
[BlackElo "1976"]
[PlyCount "72"]
[EventDate "2010.10.02"]
[EventType "swiss"]
[EventRounds "9"]
[EventCountry "SVK"]
[SourceTitle "CBM 138 Extra"]
[Source "ChessBase"]
[SourceDate "2010.10.29"]
[SourceVersion "1"]
[SourceVersionDate "2010.10.29"]
[SourceQuality "1"]

1. Nf3 d5 2. b3 Nf6 3. Bb2 Bf5 4. e3 e6 5. Be2 Bd6 6. 0-0 0-0 7. Nh4 Bg6 8. Nxg6 hxg6 9. d3 Nbd7 10. Nd2 c6 11. e4 Qc7 12. h3 Rad8 13. c4 dxe4 14. Nxe4 Nxe4 15. dxe4 Nf6 16. Qc2 Rd7 17. Qc3 Rfd8 18. e5 Ne4 19. Qe3 Bxe5 20. Bxe5 Qxe5 21. Bf3 Rd4 22. Rae1 f5 23. Qc1 Kf7 24. Re2 Rd3 25. Bxe4 fxe4 26. Rfe1 R8d4 27. Qa3 a5 28. f3 Rd2 29. Qc1 Qc5 30. Kh1 Rxe2 31. Qf4+ Qf5 32. Qc7+ Kg8 33. Rxe2 exf3 34. Rf2 Rd1+ 35. Kh2 fxg2 36. Rxg2 e5 0-1

[Event "Tatry op"]
[Site "Tatranske Zruby"]
[Date "2009.10.02"]
[Round "7"]
[White "Soural, Jan"]
[Black "Socha, Jaromir"]
[Result "1-0"]
[WhiteElo "2194"]
[BlackElo "2036"]
[PlyCount "73"]
[EventDate "2009.09.27"]
[EventType "swiss"]
[EventRounds "9"]
[EventCountry "SVK"]
[SourceTitle "EXT 2011"]
[Source "ChessBase"]
[SourceDate "2010.11.26"]
[SourceVersion "1"]
[SourceVersionDate "2010.11.26"]
[SourceQuality "1"]

1. e4 c5 2. Na3 Nc6 3. Bb5 Nf6 4. d3 Qc7 5. Nf3 d6 6. h3 e5 7. 0-0 Be7 8. Nc4 0-0 9. Ne3 g6 10. c3 Bd7 11. Nh2 Na5 12. Bxd7 Qxd7 13. Nhg4 h5 14. Nxf6+ Bxf6 15. f4 exf4 16. Nd5 Bg7 17. Rxf4 Nc6 18. Qf1 Rae8 19. Nf6+ Bxf6 20. Rxf6 Kg7 21. Bg5 Re6 22. Qf4 Rfe8 23. Rf1 Nd8 24. g4 Rh8 25. Rxe6 Nxe6 26. Bf6+ Kf8 27. Qe3 Rg8 28. g5 Qa4 29. Qf2 Qd7 30. d4 cxd4 31. cxd4 Ke8 32. d5 Nc5 33. Kh2 Qb5 34. Bd4 Qd7 35. b4 Nd3 36. Qd2 Qb5 37. Rf6 1-0

[Event "Tatry op"]
[Site "Tatranske Zruby"]
[Date "2009.09.30"]
[Round "5"]
[White "Vojtek, Vladimir"]
[Black "Socha, Jaromir"]
[Result "1-0"]
[WhiteElo "2307"]
[BlackElo "2036"]
[PlyCount "83"]
[EventDate "2009.09.27"]
[EventType "swiss"]
[EventRounds "9"]
[EventCountry "SVK"]
[SourceTitle "EXT 2011"]
[Source "ChessBase"]
[SourceDate "2010.11.26"]
[SourceVersion "1"]
[SourceVersionDate "2010.11.26"]
[SourceQuality "1"]

1. e4 c5 2. Nf3 d6 3. d4 cxd4 4. Qxd4 Nc6 5. Bb5 Bd7 6. Bxc6 Bxc6 7. Nc3 Nf6 8. Bg5 e5 9. Qd3 h6 10. Bxf6 Qxf6 11. Nd5 Bxd5 12. Qxd5 Qe7 13. 0-0-0 Qc7 14. Rd3 Qc6 15. Qb3 Be7 16. Rc3 Qxe4 17. Qb5+ Kf8 18. Re1 Qf4+ 19. Kb1 Rb8 20. Qd7 Qf6 21. Rc8+ Rxc8 22. Qxc8+ Bd8 23. Nxe5 Kg8 24. Ng4 Qg5 25. h4 Qa5 26. Re2 Kh7 27. Qxb7 Qh5 28. Qf3 Qg6 29. h5 Qg5 30. Qd3+ g6 31. hxg6+ fxg6 32. Qf3 Rg8 33. a3 h5 34. Ne3 Bf6 35. Nd5 Bg7 36. Qe4 Rb8 37. c3 Rb5 38. Ne3 Bxc3 39. Qc6 Qe5 40. Qd7+ Kh8 41. Rc2 Rb8 42. Qc7 1-0

[Event "Tatry op"]
[Site "Tatranske Zruby"]
[Date "2007.09.25"]
[Round "5"]
[White "Lukac, Roman"]
[Black "Socha, Jaromir"]
[Result "1-0"]
[WhiteElo "2137"]
[BlackElo "2010"]
[PlyCount "54"]
[EventDate "2007.09.22"]
[EventType "swiss"]
[EventRounds "9"]
[EventCountry "SVK"]
[SourceTitle "CBM 120 Extra"]
[Source "ChessBase"]
[SourceDate "2007.11.01"]
[SourceVersion "1"]
[SourceVersionDate "2007.11.01"]
[SourceQuality "1"]

1. e4 c5 2. b4 cxb4 3. a3 e6 4. axb4 Bxb4 5. c3 Be7 6. d4 Nf6 7. e5 Nd5 8. Bd3 Bg5 9. Ba3 Be7 10. Ne2 0-0 11. c4 Bxa3 12. Rxa3 Nb4 13. Bxh7+ Kxh7 14. Rh3+ Kg8 15. Ng3 f5 16. 0-0 Qg5 17. Nh5 g6 18. Rg3 Qh6 19. Nc3 Kf7 20. Nf6 Ke7 21. Rh3 Qxh3 22. gxh3 N8c6 23. f4 d6 24. Nb5 dxe5 25. dxe5 Rd8 26. Qe1 Rh8 27. Qg3 b6 1-0

[Event "Tatry op"]
[Site "Tatranske Zruby"]
[Date "2006.09.28"]
[Round "7"]
[White "Socha, Jaromir"]
[Black "Garancovsky, Pavol"]
[Result "1/2-1/2"]
[WhiteElo "1977"]
[BlackElo "2151"]
[PlyCount "62"]
[EventDate "2006.09.23"]
[EventType "swiss"]
[EventRounds "9"]
[EventCountry "SVK"]
[SourceTitle "CBM 114 Extra"]
[Source "ChessBase"]
[SourceDate "2006.11.03"]
[SourceVersion "1"]
[SourceVersionDate "2006.11.03"]
[SourceQuality "1"]

1. c4 b6 2. Nc3 Bb7 3. d4 e6 4. e3 Nf6 5. Nf3 d5 6. cxd5 Nxd5 7. Bb5+ c6 8. Be2 Be7 9. Qb3 0-0 10. Nxd5 cxd5 11. 0-0 Nc6 12. Bd2 Bd6 13. Rac1 g5 14. Bb5 g4 15. Ne1 Rc8 16. Bxc6 Bxc6 17. Bb4 Bxb4 18. Qxb4 Qd7 19. Nd3 f6 20. Qd2 Bb5 21. Rfe1 Rxc1 22. Rxc1 Rc8 23. Nf4 Kf7 24. Rc3 Rxc3 25. Qxc3 Qc6 26. Qxc6 Bxc6 27. Kf1 e5 28. Ne2 Ke6 29. Nc3 Kf5 30. g3 Ke6 31. b4 Be8 1/2-1/2

[Event "Tatry op"]
[Site "Tatranske Zruby"]
[Date "2006.09.27"]
[Round "6"]
[White "Povysil, Peter"]
[Black "Socha, Jaromir"]
[Result "0-1"]
[WhiteElo "2063"]
[BlackElo "1977"]
[PlyCount "96"]
[EventDate "2006.09.23"]
[EventType "swiss"]
[EventRounds "9"]
[EventCountry "SVK"]
[SourceTitle "CBM 114 Extra"]
[Source "ChessBase"]
[SourceDate "2006.11.03"]
[SourceVersion "1"]
[SourceVersionDate "2006.11.03"]
[SourceQuality "1"]

1. Nf3 Nf6 2. c4 g6 3. Nc3 d5 4. cxd5 Nxd5 5. e4 Nb6 6. d4 Bg7 7. Bb5+ Bd7 8. Be2 0-0 9. h3 Be6 10. d5 Bd7 11. Bf4 c6 12. d6 exd6 13. Bxd6 Re8 14. e5 Be6 15. Qd2 N8d7 16. 0-0 Nc4 17. Bxc4 Bxc4 18. Rfd1 Nxe5 19. Nxe5 Bxe5 20. Ne4 Bd5 21. Qb4 a5 22. Qa3 Bxd6 23. Nxd6 Qg5 24. Rxd5 Qxd5 25. Nxe8 Rxe8 26. b4 Qd4 27. Rb1 axb4 28. Qxb4 Qxb4 29. Rxb4 Re1+ 30. Kh2 b5 31. a4 bxa4 32. Rxa4 Re8 33. Rc4 Rc8 34. Kg3 Kg7 35. Kf4 Kf6 36. Ke4 Ke6 37. g4 c5 38. g5 Kd6 39. f4 Rb8 40. Rc3 Re8+ 41. Kd3 Kd5 42. Rc1 Rb8 43. Kc3 Rb4 44. Rf1 Re4 45. Rf3 Ra4 46. Rd3+ Kc6 47. Rd8 Rxf4 48. Rc8+ Kb6 0-1

[Event "Tatry op"]
[Site "Tatranske Zruby"]
[Date "2006.09.25"]
[Round "3"]
[White "Socha, Jaromir"]
[Black "Janos, Ivan"]
[Result "0-1"]
[WhiteElo "1977"]
[BlackElo "2133"]
[PlyCount "54"]
[EventDate "2006.09.23"]
[EventType "swiss"]
[EventRounds "9"]
[EventCountry "SVK"]
[SourceTitle "CBM 114 Extra"]
[Source "ChessBase"]
[SourceDate "2006.11.03"]
[SourceVersion "1"]
[SourceVersionDate "2006.11.03"]
[SourceQuality "1"]

1. Nf3 Nf6 2. c4 c5 3. Nc3 Nc6 4. g3 g6 5. Bg2 Bg7 6. 0-0 0-0 7. d4 d6 8. dxc5 dxc5 9. a3 Be6 10. Nd2 Qc8 11. Rb1 Rd8 12. Qa4 Nd4 13. e3 Bd7 14. Qd1 Nf5 15. Qe2 Bc6 16. Nce4 b6 17. Nxf6+ Bxf6 18. b3 Bxg2 19. Kxg2 Qd7 20. Ne4 Qc6 21. Qf3 Bg7 22. Bb2 Bxb2 23. Rxb2 Rac8 24. Re1 Rd3 25. Ree2 Nd4 26. Nf6+ exf6 27. Qxc6 Nxc6 0-1

[Event "Tatry op"]
[Site "Tatranske Zruby"]
[Date "2006.09.23"]
[Round "1"]
[White "Socha, Jaromir"]
[Black "Vukovic, Ivo"]
[Result "0-1"]
[WhiteElo "1977"]
[BlackElo "2248"]
[PlyCount "59"]
[EventDate "2006.09.23"]
[EventType "swiss"]
[EventRounds "9"]
[EventCountry "SVK"]
[SourceTitle "CBM 114 Extra"]
[Source "ChessBase"]
[SourceDate "2006.11.03"]
[SourceVersion "1"]
[SourceVersionDate "2006.11.03"]
[SourceQuality "1"]

1. Nf3 Nf6 2. b3 d5 3. Bb2 c6 4. d3 Bg4 5. Nbd2 Nbd7 6. g3 e6 7. Bg2 Be7 8. 0-0 0-0 9. c4 a5 10. a3 Qb6 11. Qc2 Rad8 12. h3 Bh5 13. g4 Bg6 14. Ne5 Nxe5 15. Bxe5 Nd7 16. Bg3 h5 17. Nf3 hxg4 18. hxg4 Rfe8 19. Ne5 Nxe5 20. Bxe5 Bc5 21. Qc3 Bf8 22. Bf3 f6 23. Bg3 Bc5 24. Qc2 Rf8 25. Kg2 Bd4 26. Rab1 Be5 27. Rh1 Bxg3 28. fxg3 Qe3 29. Qc1 Qxc1 30. Rbxc1 0-1

[Event "Ostrava CEZ op"]
[Site "Ostrava"]
[Date "2006.05.06"]
[Round "8"]
[White "Tylecek, Drahomir"]
[Black "Socha, Jaromir"]
[Result "1/2-1/2"]
[WhiteElo "1980"]
[BlackElo "2028"]
[PlyCount "98"]
[EventDate "2006.04.29"]
[EventType "swiss"]
[EventRounds "9"]
[EventCountry "CZE"]
[SourceTitle "EXT 2008"]
[Source "ChessBase"]
[SourceDate "2007.11.25"]
[SourceVersion "1"]
[SourceVersionDate "2007.11.25"]
[SourceQuality "1"]

1. e4 c5 2. Nf3 d6 3. d4 cxd4 4. Nxd4 Nf6 5. Nc3 e6 6. Be3 a6 7. f3 Be7 8. Qd2 Nc6 9. 0-0-0 d5 10. exd5 Nxd5 11. Nxd5 Qxd5 12. Nxc6 Qxd2+ 13. Rxd2 bxc6 14. Bd3 Bb7 15. Rhd1 0-0-0 16. Bc4 Rxd2 17. Rxd2 Rd8 18. Rxd8+ Kxd8 19. c3 c5 20. Kc2 Kd7 21. a3 h5 22. b4 cxb4 23. axb4 g5 24. h3 f5 25. Bd4 h4 26. Bf1 Bd6 27. Bf6 Bf4 28. c4 e5 29. Kc3 Ke6 30. Bd8 e4 31. fxe4 fxe4 32. Bb6 Kf5 33. Bf2 e3 34. Be1 e2 35. Bxe2 Bxg2 36. Bg4+ Ke5 37. Bf2 Bg3 38. Be3 Bf4 39. Bc5 Ke4 40. b5 axb5 41. cxb5 Bf3 42. Bc8 Be5+ 43. Kd2 Bf4+ 44. Ke1 Kd3 45. b6 Kc4 46. Bf2 Kb5 47. b7 g4 48. Bxg4 Bxb7 49. Bxh4 Bg2 1/2-1/2

[Event "Ostrava CEZ op"]
[Site "Ostrava"]
[Date "2006.05.04"]
[Round "6"]
[White "Socha, Jaromir"]
[Black "Pertlova, Sona"]
[Result "1/2-1/2"]
[WhiteElo "2028"]
[BlackElo "2102"]
[PlyCount "71"]
[EventDate "2006.04.29"]
[EventType "swiss"]
[EventRounds "9"]
[EventCountry "CZE"]
[SourceTitle "EXT 2008"]
[Source "ChessBase"]
[SourceDate "2007.11.25"]
[SourceVersion "1"]
[SourceVersionDate "2007.11.25"]
[SourceQuality "1"]

1. Nf3 c5 2. g3 g6 3. Bg2 Bg7 4. c4 Nc6 5. Nc3 e5 6. a3 Nge7 7. Rb1 0-0 8. b4 d6 9. 0-0 Rb8 10. d3 h6 11. Nd2 Be6 12. Nd5 cxb4 13. axb4 b5 14. Nxe7+ Nxe7 15. cxb5 Rxb5 16. Qa4 Qb8 17. Nc4 d5 18. Na3 Rb6 19. Bd2 a6 20. Rfc1 Rc8 21. Rxc8+ Nxc8 22. Qe8+ Kh7 23. Rc1 Na7 24. Qxb8 Rxb8 25. Rc7 Nb5 26. Nxb5 Rxb5 27. Rc5 Bf8 28. Rxb5 axb5 29. e3 f5 30. Bf1 d4 31. exd4 exd4 32. Bg2 Bd7 33. f4 g5 34. Kf2 Kg6 35. Bf3 Kf6 36. h4 1/2-1/2

[Event "Ostrava CEZ op"]
[Site "Ostrava"]
[Date "2006.05.03"]
[Round "5"]
[White "Snopek, Jiri"]
[Black "Socha, Jaromir"]
[Result "1/2-1/2"]
[WhiteElo "1984"]
[BlackElo "2028"]
[PlyCount "69"]
[EventDate "2006.04.29"]
[EventType "swiss"]
[EventRounds "9"]
[EventCountry "CZE"]
[SourceTitle "EXT 2008"]
[Source "ChessBase"]
[SourceDate "2007.11.25"]
[SourceVersion "1"]
[SourceVersionDate "2007.11.25"]
[SourceQuality "1"]

1. Nf3 Nf6 2. c4 g6 3. g3 Bg7 4. Bg2 0-0 5. 0-0 d5 6. cxd5 Nxd5 7. Nc3 Nb6 8. d4 c6 9. e4 Bg4 10. e5 Na6 11. h3 Bxf3 12. Bxf3 Nc7 13. Bg2 Ncd5 14. a3 Qc7 15. f4 Nxc3 16. bxc3 e6 17. a4 Rfd8 18. Ba3 Nd5 19. Qd3 Bf8 20. Bxf8 Kxf8 21. a5 c5 22. Rfb1 Rab8 23. Rb2 Ne7 24. Qc4 b6 25. axb6 axb6 26. Rba2 Rdc8 27. Ra7 Qd8 28. Qb5 Qe8 29. Qd7 Rd8 30. Qxe8+ Kxe8 31. dxc5 bxc5 32. Rc7 Rdc8 33. Raa7 Rxc7 34. Rxc7 Rc8 35. Ra7 1/2-1/2

[Event "Ostrava CEZ op"]
[Site "Ostrava"]
[Date "2006.05.01"]
[Round "3"]
[White "Socha, Jaromir"]
[Black "Sedy, Pavel"]
[Result "0-1"]
[WhiteElo "2028"]
[BlackElo "2215"]
[PlyCount "66"]
[EventDate "2006.04.29"]
[EventType "swiss"]
[EventRounds "9"]
[EventCountry "CZE"]
[SourceTitle "EXT 2008"]
[Source "ChessBase"]
[SourceDate "2007.11.25"]
[SourceVersion "1"]
[SourceVersionDate "2007.11.25"]
[SourceQuality "1"]

1. Nf3 d5 2. b3 Nf6 3. Bb2 Bf5 4. g3 e6 5. Bg2 Nbd7 6. 0-0 Bd6 7. d4 c6 8. Nbd2 h5 9. Re1 Qe7 10. h4 Ne4 11. Nxe4 Bxe4 12. Qd2 0-0-0 13. Bh3 f6 14. Qe3 Rde8 15. c4 Rhg8 16. Nd2 Bh7 17. cxd5 cxd5 18. Nf3 g5 19. hxg5 fxg5 20. Ne5 Nf6 21. Nd3 Ne4 22. Rac1+ Kb8 23. Nc5 Bf4 24. Qf3 Bxc1 25. Rxc1 Nxc5 26. dxc5 g4 27. Be5+ Ka8 28. Qc3 gxh3 29. c6 Rc8 30. c7 h4 31. Bf6 Qd6 32. Bxh4 Qf4 33. Kh1 Qxf2 0-1

[Event "Ostrava CEZ op"]
[Site "Ostrava"]
[Date "2006.04.29"]
[Round "1"]
[White "Socha, Jaromir"]
[Black "Holemar, David"]
[Result "0-1"]
[WhiteElo "2028"]
[BlackElo "2253"]
[PlyCount "44"]
[EventDate "2006.04.29"]
[EventType "swiss"]
[EventRounds "9"]
[EventCountry "CZE"]
[SourceTitle "EXT 2008"]
[Source "ChessBase"]
[SourceDate "2007.11.25"]
[SourceVersion "1"]
[SourceVersionDate "2007.11.25"]
[SourceQuality "1"]

1. Nf3 Nf6 2. b3 d5 3. Bb2 Bg4 4. e3 e6 5. Be2 Bd6 6. 0-0 Nbd7 7. d4 c6 8. c4 0-0 9. Nc3 Re8 10. Qc2 Qc7 11. c5 Bf8 12. b4 e5 13. Nxe5 Nxe5 14. dxe5 Rxe5 15. Bxg4 Nxg4 16. h3 Rh5 17. f4 Nxe3 18. Qe2 Nxf1 19. Qxh5 Ne3 20. Re1 Nc2 21. Re5 Nxb4 22. Rg5 Nd3 0-1